| 000 | 00507nam a22001937a 4500 | ||
|---|---|---|---|
| 003 | MPLRDC | ||
| 005 | 20220104125443.0 | ||
| 008 | 210129b ||||| |||| 00| 0 eng d | ||
| 020 | _a983-9272-36-5 | ||
| 082 | _a528.21 XXH | ||
| 100 | _a许秀华 | ||
| 245 |
_a用心陪孩子成长 _c |
||
| 250 | _a一版一刷 | ||
| 260 |
_a马来西亚 _b马来西亚华校教师会总会(教总) _c2006 |
||
| 300 | _b144 | ||
| 490 | _a教总亲子丛书: 10 | ||
| 650 | _a亲子教育 | ||
| 942 |
_cBK _o528.21 XXH |
||
| 999 |
_c27486 _d27476 |
||